[Event "WCO2014"]
[Site "Tromso"]
[Date "2014.08.09"]
[Round "7.41"]
[WhiteID "4403304"]
[White "Sanchez Sebastian Felipe"]
[BlackID "9700161"]
[Black "Koster Jeroen Louis"]
[Result "1-0"]
[LiveChessVersion "1.4.3"]
[BlackElo "1846"]
[WhiteElo "2391"]

1. e4 {[%clk 1:30:58]} d6 {[%clk 1:30:48]} 2. c4 {[%clk 1:29:27]} g6
{[%clk 1:27:02]} 3. d4 {[%clk 1:29:51]} Bg7 {[%clk 1:27:30]} 4. Nc3
{[%clk 1:30:09]} Nf6 {[%clk 1:26:06]} 5. f4 {[%clk 1:29:31]} O-O {[%clk 1:23:53]}
6. Nf3 {[%clk 1:29:23]} Nc6 {[%clk 1:13:10]} 7. d5 {[%clk 1:24:53]} Nb8
{[%clk 1:12:56]} 8. Bd3 {[%clk 1:21:28]} c6 {[%clk 1:08:44]} 9. O-O
{[%clk 1:17:34]} e5 {[%clk 1:01:49]} 10. fxe5 {[%clk 1:06:47]} Ng4
{[%clk 0:50:39]} 11. exd6 {[%clk 0:40:17]} Qb6+ {[%clk 0:49:39]} 12. Kh1
{[%clk 0:40:44]} Nf2+ {[%clk 0:50:07]} 13. Rxf2 {[%clk 0:41:11]} Qxf2
{[%clk 0:50:32]} 14. e5 {[%clk 0:41:29]} Bg4 {[%clk 0:49:55]} 15. Ne4
{[%clk 0:41:21]} Bxf3 {[%clk 0:39:38]} 16. gxf3 {[%clk 0:41:44]} Qd4
{[%clk 0:39:54]} 17. e6 {[%clk 0:42:02]} cxd5 {[%clk 0:39:35]} 18. cxd5
{[%clk 0:41:19]} Qxd5 {[%clk 0:35:42]} 19. e7 {[%clk 0:41:36]} Rc8
{[%clk 0:32:13]} 20. Qb3 {[%clk 0:36:34]} Qf5 {[%clk 0:16:16]} 21. Ng5
{[%clk 0:36:52]} Rxc1+ {[%clk 0:13:58]} 22. Rxc1 {[%clk 0:37:17]} Qxg5
{[%clk 0:14:22]} 23. Rc8+ {[%clk 0:37:40]} Bf8 {[%clk 0:14:51]} 1-0

[Event "WCO2014"]
[Site "Tromso"]
[Date "2014.08.09"]
[Round "7.40"]
[WhiteID "1900803"]
[White "Dias Paulo"]
[BlackID "14800047"]
[Black "Alice Mateus Felizardo Viageiro"]
[Result "1/2-1/2"]
[LiveChessVersion "1.4.3"]
[BlackElo "2121"]
[WhiteElo "2416"]

1. d4 {[%clk 1:30:58]} Nf6 {[%clk 1:30:59]} 2. c4 {[%clk 1:31:15]} e6
{[%clk 1:31:27]} 3. Nc3 {[%clk 1:30:41]} Bb4 {[%clk 1:31:55]} 4. e3
{[%clk 1:30:42]} b6 {[%clk 1:32:20]} 5. Nge2 {[%clk 1:30:55]} c5 {[%clk 1:31:44]}
6. a3 {[%clk 1:27:05]} Ba5 {[%clk 1:30:33]} 7. Nf4 {[%clk 1:22:03]} Bb7
{[%clk 1:27:10]} 8. Be2 {[%clk 1:19:20]} O-O {[%clk 1:20:50]} 9. O-O
{[%clk 1:19:39]} Bxc3 {[%clk 1:21:15]} 10. bxc3 {[%clk 1:20:03]} d6
{[%clk 1:21:37]} 11. d5 {[%clk 1:08:37]} e5 {[%clk 1:21:46]} 12. Nh3
{[%clk 1:07:58]} Bc8 {[%clk 1:20:54]} 13. f4 {[%clk 1:01:14]} Bxh3
{[%clk 1:19:52]} 14. gxh3 {[%clk 0:57:32]} exf4 {[%clk 1:19:56]} 15. exf4
{[%clk 0:57:55]} Nbd7 {[%clk 1:20:06]} 16. Bd3 {[%clk 0:53:43]} Re8
{[%clk 1:20:12]} 17. Re1 {[%clk 0:52:09]} Rxe1+ {[%clk 1:18:57]} 18. Qxe1
{[%clk 0:52:36]} Qf8 {[%clk 1:15:36]} 19. Ra2 {[%clk 0:51:05]} Re8
{[%clk 1:12:43]} 20. Re2 {[%clk 0:51:20]} Rxe2 {[%clk 1:13:03]} 21. Qxe2
{[%clk 0:51:09]} Qe8 {[%clk 1:13:05]} 22. Kf2 {[%clk 0:49:51]} Qxe2+
{[%clk 1:12:39]} 23. Kxe2 {[%clk 0:50:13]} Kf8 {[%clk 1:13:04]} 24. Bd2
{[%clk 0:47:53]} Ke7 {[%clk 1:12:33]} 25. Kf3 {[%clk 0:47:27]} h6
{[%clk 1:12:39]} 26. Be1 {[%clk 0:42:29]} Ne8 {[%clk 1:06:23]} 27. Bh4+
{[%clk 0:40:11]} Ndf6 {[%clk 1:04:59]} 28. Bc2 {[%clk 0:37:15]} Kd8
{[%clk 1:04:58]} 29. Ba4 {[%clk 0:36:37]} Kc7 {[%clk 1:04:58]} 30. Bc6
{[%clk 0:33:04]} a6 {[%clk 1:05:04]} 31. Ke3 {[%clk 0:27:36]} Kc8
{[%clk 1:05:04]} 32. a4 {[%clk 0:27:32]} a5 {[%clk 1:05:08]} 33. f5
{[%clk 0:25:31]} Kd8 {[%clk 1:04:14]} 34. Kf4 {[%clk 0:24:10]} Ke7
{[%clk 1:03:53]} 35. Bxe8 {[%clk 0:20:29]} Kxe8 {[%clk 1:03:13]} 36. Bxf6
{[%clk 0:20:52]} gxf6 {[%clk 1:03:30]} 37. Kg4 {[%clk 0:21:20]} Kf8
{[%clk 1:03:49]} 38. Kh5 {[%clk 0:21:45]} Kg7 {[%clk 1:04:13]} 39. Kg4
{[%clk 0:22:10]} Kh7 {[%clk 1:04:36]} 40. Kh5 {[%clk 0:22:34]} Kg7
{[%clk 1:04:58]} 1/2-1/2

[Event "WCO2014"]
[Site "Tromso"]
[Date "2014.08.09"]
[Round "7.39"]
[WhiteID "14800080"]
[White "Mucongoma Miguel Jose Maconi"]
[BlackID "1910850"]
[Black "Ferreira Jorge Viterbo"]
[Result "0-1"]
[LiveChessVersion "1.4.3"]
[BlackElo "2413"]
[WhiteElo "2194"]

1. Nf3 {[%clk 1:30:57]} d5 {[%clk 1:30:30]} 2. d4 {[%clk 1:31:21]} Nf6
{[%clk 1:30:43]} 3. g3 {[%clk 1:31:47]} Bf5 {[%clk 1:29:58]} 4. Bg2
{[%clk 1:32:09]} e6 {[%clk 1:30:03]} 5. O-O {[%clk 1:32:30]} Nbd7
{[%clk 1:29:39]} 6. c4 {[%clk 1:31:59]} c6 {[%clk 1:29:34]} 7. cxd5
{[%clk 1:32:22]} exd5 {[%clk 1:25:38]} 8. Nc3 {[%clk 1:31:31]} h6
{[%clk 1:23:44]} 9. Re1 {[%clk 1:24:09]} Be7 {[%clk 1:23:17]} 10. Bf4
{[%clk 1:23:02]} O-O {[%clk 1:21:45]} 11. h3 {[%clk 1:23:03]} Ne4
{[%clk 1:20:23]} 12. Nd2 {[%clk 1:22:16]} Ndf6 {[%clk 1:14:42]} 13. g4
{[%clk 1:21:04]} Bh7 {[%clk 1:14:20]} 14. Ndxe4 {[%clk 1:19:33]} Nxe4
{[%clk 1:13:45]} 15. f3 {[%clk 1:11:05]} Ng5 {[%clk 1:06:00]} 16. e4
{[%clk 1:09:40]} Ne6 {[%clk 1:05:27]} 17. Be3 {[%clk 1:10:09]} Bg5
{[%clk 1:01:52]} 18. exd5 {[%clk 1:10:29]} cxd5 {[%clk 0:59:54]} 19. Qd2
{[%clk 1:08:38]} Qd6 {[%clk 0:51:09]} 20. Bxg5 {[%clk 1:07:55]} hxg5
{[%clk 0:51:23]} 21. Re5 {[%clk 1:08:22]} Nf4 {[%clk 0:51:25]} 22. Rae1
{[%clk 1:03:46]} Nd3 {[%clk 0:44:08]} 23. Rxd5 {[%clk 1:00:53]} Qg3
{[%clk 0:44:20]} 24. Re3 {[%clk 0:54:21]} Nf4 {[%clk 0:42:24]} 25. Rde5
{[%clk 0:54:30]} Rad8 {[%clk 0:36:39]} 26. Kh1 {[%clk 0:41:52]} Rxd4
{[%clk 0:36:38]} 27. Ne4 {[%clk 0:35:59]} Bxe4 {[%clk 0:36:54]} 28. fxe4
{[%clk 0:36:04]} Rxd2 {[%clk 0:36:54]} 29. Rxg3 {[%clk 0:36:31]} Rc8
{[%clk 0:37:09]} 30. Bf1 {[%clk 0:35:31]} Rc1 {[%clk 0:36:08]} 31. Rf3
{[%clk 0:34:49]} Rd3 {[%clk 0:34:10]} 32. Re8+ {[%clk 0:27:51]} Kh7
{[%clk 0:33:35]} 33. Rc8 {[%clk 0:27:24]} Ra1 {[%clk 0:33:13]} 34. Rc3
{[%clk 0:27:33]} Rdd1 {[%clk 0:33:34]} 35. Kg1 {[%clk 0:22:30]} Ne2+
{[%clk 0:33:54]} 36. Kg2 {[%clk 0:22:51]} Nxc3 {[%clk 0:34:16]} 37. bxc3
{[%clk 0:23:15]} Rxa2+ {[%clk 0:34:32]} 38. Kg3 {[%clk 0:23:44]} f6
{[%clk 0:33:46]} 39. h4 {[%clk 0:23:19]} gxh4+ {[%clk 0:29:25]} 40. Kxh4
{[%clk 0:22:14]} Ra5 {[%clk 0:26:12]} 41. Bc4 {[%clk 0:20:27]} Rg5
{[%clk 0:23:35]} 42. Be6 {[%clk 0:20:04]} b6 {[%clk 0:21:52]} 43. Kg3
{[%clk 0:19:35]} Re5 {[%clk 0:21:20]} 44. Bd5 {[%clk 0:19:33]} Rg1+
{[%clk 0:20:37]} 45. Kf4 {[%clk 0:15:38]} g5+ {[%clk 0:20:50]} 46. Ke3
{[%clk 0:16:07]} Kg7 {[%clk 0:21:11]} 47. Rf2 {[%clk 0:15:43]} Rxg4
{[%clk 0:21:23]} 48. Ra2 {[%clk 0:16:10]} Re7 {[%clk 0:21:42]} 0-1

[Event "WCO2014"]
[Site "Tromso"]
[Date "2014.08.09"]
[Round "7.38"]
[WhiteID "1904310"]
[White "Rego Pedro Filipe"]
[BlackID "14800136"]
[Black "Maia Mariano Tesoura De"]
[Result "1-0"]
[LiveChessVersion "1.4.3"]
[BlackElo "2141"]
[WhiteElo "2273"]

1. Nf3 {[%clk 1:30:57]} Nf6 {[%clk 1:30:29]} 2. c4 {[%clk 1:31:23]} c5
{[%clk 1:30:54]} 3. Nc3 {[%clk 1:31:32]} b6 {[%clk 1:28:29]} 4. g3
{[%clk 1:30:43]} Bb7 {[%clk 1:28:55]} 5. Bg2 {[%clk 1:31:10]} g6 {[%clk 1:28:58]}
6. O-O {[%clk 1:31:28]} Bg7 {[%clk 1:29:26]} 7. d3 {[%clk 1:27:21]} O-O
{[%clk 1:29:32]} 8. Rb1 {[%clk 1:23:52]} d6 {[%clk 1:26:06]} 9. a3
{[%clk 1:24:10]} Nc6 {[%clk 1:19:27]} 10. b4 {[%clk 1:23:42]} Nd4
{[%clk 1:19:03]} 11. Nxd4 {[%clk 1:16:20]} Bxg2 {[%clk 1:19:05]} 12. Ne6
{[%clk 1:03:52]} Qc8 {[%clk 1:18:02]} 13. Nxf8 {[%clk 0:58:39]} Qh3
{[%clk 1:17:38]} 14. f3 {[%clk 0:59:02]} Bxf1 {[%clk 1:13:41]} 15. Qxf1
{[%clk 0:59:24]} Qxf1+ {[%clk 1:13:55]} 16. Kxf1 {[%clk 0:59:52]} Kxf8
{[%clk 1:13:14]} 17. bxc5 {[%clk 0:59:59]} dxc5 {[%clk 1:12:50]} 18. a4
{[%clk 1:00:13]} Nd7 {[%clk 1:08:39]} 19. Nb5 {[%clk 0:59:30]} a6
{[%clk 0:56:07]} 20. Nc7 {[%clk 0:59:01]} Rc8 {[%clk 0:52:48]} 21. Nd5
{[%clk 0:47:04]} Rc6 {[%clk 0:52:08]} 22. Bd2 {[%clk 0:47:31]} e6
{[%clk 0:51:32]} 23. Nc3 {[%clk 0:47:12]} Ke7 {[%clk 0:41:52]} 24. a5
{[%clk 0:45:08]} Be5 {[%clk 0:41:32]} 25. Na4 {[%clk 0:41:17]} Bc7
{[%clk 0:41:27]} 26. axb6 {[%clk 0:35:34]} Nxb6 {[%clk 0:41:32]} 27. Nxc5
{[%clk 0:34:38]} Rxc5 {[%clk 0:30:05]} 28. Bb4 {[%clk 0:33:37]} Bd6
{[%clk 0:30:33]} 29. Bxc5 {[%clk 0:33:51]} Bxc5 {[%clk 0:30:45]} 30. Ra1
{[%clk 0:34:06]} h5 {[%clk 0:25:57]} 31. Rxa6 {[%clk 0:34:31]} Kf6
{[%clk 0:23:12]} 32. h4 {[%clk 0:34:21]} Ke5 {[%clk 0:19:50]} 33. f4+
{[%clk 0:31:16]} Kf6 {[%clk 0:18:21]} 34. Kg2 {[%clk 0:31:34]} Ke7
{[%clk 0:14:18]} 35. Kf3 {[%clk 0:31:48]} Nd7 {[%clk 0:11:08]} 36. e3
{[%clk 0:29:37]} Kd8 {[%clk 0:08:16]} 37. d4 {[%clk 0:29:51]} Bb6
{[%clk 0:08:37]} 38. Ra8+ {[%clk 0:28:58]} Ke7 {[%clk 0:08:39]} 39. g4
{[%clk 0:27:29]} hxg4+ {[%clk 0:07:29]} 40. Kxg4 {[%clk 0:27:48]} Bd8
{[%clk 0:05:30]} 41. c5 {[%clk 0:23:09]} Nf6+ {[%clk 0:03:29]} 42. Kf3
{[%clk 0:23:17]} Nd5 {[%clk 0:01:31]} 43. e4 {[%clk 0:23:22]} Nc7
{[%clk 0:01:58]} 44. Ra7 {[%clk 0:23:16]} Ke8 {[%clk 0:27:11]} 45. f5
{[%clk 0:53:19]} Nb5 {[%clk 0:14:06]} 46. fxg6 {[%clk 0:53:03]} fxg6
{[%clk 0:14:34]} 47. Rh7 {[%clk 0:48:31]} Nxd4+ {[%clk 0:14:37]} 48. Ke3
{[%clk 0:48:39]} Nc6 {[%clk 0:10:27]} 49. Kd3 {[%clk 0:48:49]} Be7
{[%clk 0:10:34]} 50. Kc4 {[%clk 0:49:00]} Kd7 {[%clk 0:09:03]} 51. Kb5
{[%clk 0:48:25]} Ne5 {[%clk 0:08:35]} 52. Kb6 {[%clk 0:44:05]} Nc4+
{[%clk 0:07:56]} 53. Kb7 {[%clk 0:41:10]} Na5+ {[%clk 0:07:45]} 54. Ka6
{[%clk 0:41:12]} Nc6 {[%clk 0:07:12]} 55. Kb6 {[%clk 0:41:07]} Ne5
{[%clk 0:07:11]} 56. Rg7 {[%clk 0:31:51]} Nc4+ {[%clk 0:07:05]} 57. Ka6
{[%clk 0:30:49]} Ne5 {[%clk 0:07:03]} 58. Kb7 {[%clk 0:30:23]} Nc6
{[%clk 0:06:53]} 59. Rxg6 {[%clk 0:27:03]} Bxh4 {[%clk 0:07:17]} 60. Rg1
{[%clk 0:26:32]} Na5+ {[%clk 0:05:44]} 61. Ka6 {[%clk 0:25:57]} Nc6
{[%clk 0:06:07]} 62. Kb7 {[%clk 0:25:28]} Na5+ {[%clk 0:06:21]} 63. Kb6
{[%clk 0:25:45]} Bd8+ {[%clk 0:06:36]} 64. Kb5 {[%clk 0:26:12]} Nc6
{[%clk 0:06:42]} 65. Rd1+ {[%clk 0:26:32]} Kc7 {[%clk 0:06:52]} 66. Rd6
{[%clk 0:26:14]} Na7+ {[%clk 0:06:20]} 67. Kc4 {[%clk 0:24:31]} e5
{[%clk 0:04:40]} 68. Kd5 {[%clk 0:20:51]} Kc8 {[%clk 0:04:16]} 69. Rg6
{[%clk 0:16:54]} Bc7 {[%clk 0:04:30]} 70. c6 {[%clk 0:16:03]} Bb8
{[%clk 0:01:54]} 71. Rg8+ {[%clk 0:15:23]} Kc7 {[%clk 0:02:22]} 72. Rg7+
{[%clk 0:15:48]} Kd8 {[%clk 0:02:13]} 73. Rd7+ {[%clk 0:15:28]} Kc8
{[%clk 0:02:11]} 74. Rb7 {[%clk 0:15:47]} 1-0

[Event "WCO2014"]
[Site "Tromso"]
[Date "2014.08.09"]
[Round "7.37"]
[WhiteID "14800063"]
[White "Abrantes Persson"]
[BlackID "1913026"]
[Black "Santos Hugo Lima"]
[Result "0-1"]
[LiveChessVersion "1.4.3"]
[BlackElo "2266"]
[WhiteElo "1986"]

1. d4 {[%clk 1:30:58]} d5 {[%clk 1:29:13]} 2. c4 {[%clk 1:31:22]} dxc4
{[%clk 1:29:02]} 3. e3 {[%clk 1:31:49]} e5 {[%clk 1:26:43]} 4. d5
{[%clk 1:29:31]} Nf6 {[%clk 1:23:45]} 5. Nc3 {[%clk 1:29:57]} Nbd7
{[%clk 1:20:20]} 6. Bxc4 {[%clk 1:28:09]} Bb4 {[%clk 1:14:41]} 7. Bd2
{[%clk 1:24:40]} O-O {[%clk 1:10:37]} 8. a3 {[%clk 1:18:38]} Bxc3
{[%clk 0:58:51]} 9. Bxc3 {[%clk 1:19:05]} Ne4 {[%clk 0:58:31]} 10. Bb4
{[%clk 1:09:01]} Re8 {[%clk 0:56:29]} 11. Nf3 {[%clk 1:04:43]} a5
{[%clk 0:55:03]} 12. Bc3 {[%clk 1:03:00]} Nxc3 {[%clk 0:54:36]} 13. bxc3
{[%clk 1:03:28]} e4 {[%clk 0:54:36]} 14. Nd4 {[%clk 1:02:39]} Ne5
{[%clk 0:49:33]} 15. Qb3 {[%clk 0:58:32]} a4 {[%clk 0:48:18]} 16. Qa2
{[%clk 0:58:47]} Qg5 {[%clk 0:46:58]} 17. O-O-O {[%clk 0:44:52]} Bd7
{[%clk 0:44:45]} 18. h3 {[%clk 0:43:58]} Ra5 {[%clk 0:43:59]} 19. Bf1
{[%clk 0:39:55]} Rxd5 {[%clk 0:30:51]} 20. h4 {[%clk 0:38:14]} Qh5
{[%clk 0:31:12]} 21. Be2 {[%clk 0:19:53]} Ng4 {[%clk 0:31:09]} 22. f3
{[%clk 0:15:35]} exf3 {[%clk 0:29:46]} 23. Bxf3 {[%clk 0:14:08]} Rc5
{[%clk 0:28:04]} 24. Nc2 {[%clk 0:13:16]} Be6 {[%clk 0:24:48]} 25. Qb2
{[%clk 0:13:45]} Rb5 {[%clk 0:21:43]} 26. Nb4 {[%clk 0:09:16]} Qh6
{[%clk 0:19:13]} 27. Qe2 {[%clk 0:09:29]} Qxe3+ {[%clk 0:13:51]} 28. Qxe3
{[%clk 0:09:55]} Nxe3 {[%clk 0:14:14]} 29. Rde1 {[%clk 0:08:48]} Nc4
{[%clk 0:10:29]} 30. Be2 {[%clk 0:06:02]} Re5 {[%clk 0:07:52]} 31. Bd3
{[%clk 0:03:44]} Bd7 {[%clk 0:06:43]} 32. Rd1 {[%clk 0:03:08]} Nb6
{[%clk 0:05:33]} 33. c4 {[%clk 0:03:15]} Rc5 {[%clk 0:05:07]} 34. Rhe1
{[%clk 0:01:00]} Rxe1 {[%clk 0:04:35]} 35. Rxe1 {[%clk 0:01:28]} Be6
{[%clk 0:04:59]} 36. Re4 {[%clk 0:00:34]} Nxc4 {[%clk 0:04:34]} 37. Nc2
{[%clk 0:00:36]} g6 {[%clk 0:03:55]} 38. Bxc4 {[%clk 0:00:38]} Rxc4
{[%clk 0:04:06]} 39. Rxc4 {[%clk 0:00:59]} Bxc4 {[%clk 0:04:29]} 40. Kd2
{[%clk 0:00:47]} c5 {[%clk 0:04:03]} 41. Ne3 {[%clk 0:00:35]} Be6
{[%clk 0:04:25]} 42. Nd1 {[%clk 0:00:45]} Bd5 {[%clk 0:02:42]} 43. Ne3
{[%clk 0:01:02]} Bc6 {[%clk 0:02:09]} 44. Kc3 {[%clk 0:01:28]} b5
{[%clk 0:02:04]} 45. g3 {[%clk 0:01:51]} f5 {[%clk 0:02:15]} 46. Nd1
{[%clk 0:01:28]} Kf7 {[%clk 0:02:16]} 47. Nf2 {[%clk 0:01:52]} Be4
{[%clk 0:30:57]} 48. Nh3 {[%clk 0:31:01]} h6 {[%clk 0:31:21]} 49. Nf4
{[%clk 0:31:19]} g5 {[%clk 0:31:34]} 50. Ne2 {[%clk 0:31:32]} Kf6
{[%clk 0:31:47]} 51. Kd2 {[%clk 0:31:27]} Ke5 {[%clk 0:31:50]} 52. Nc3
{[%clk 0:30:38]} Bc6 {[%clk 0:32:07]} 0-1

[Event "WCO2014"]
[Site "Tromso"]
[Date "2014.08.09"]
[Round "7.13"]
[WhiteID "2800020"]
[White "Gruenfeld Yehuda"]
[BlackID "3101126"]
[Black "Machin Rivera Mark"]
[Result "1/2-1/2"]
[LiveChessVersion "1.4.3"]
[BlackElo "2341"]
[WhiteElo "2448"]

1. e4 {[%clk 1:30:56]} g6 {[%clk 1:30:55]} 2. d4 {[%clk 1:31:19]} Bg7
{[%clk 1:31:21]} 3. Nc3 {[%clk 1:31:32]} c6 {[%clk 1:31:44]} 4. Nf3
{[%clk 1:31:28]} d6 {[%clk 1:32:02]} 5. Be3 {[%clk 1:27:48]} Bg4 {[%clk 1:31:57]}
6. Qd2 {[%clk 1:26:24]} Qc7 {[%clk 1:30:35]} 7. Nh4 {[%clk 1:09:40]} b5
{[%clk 1:26:29]} 8. h3 {[%clk 1:08:17]} Bc8 {[%clk 1:26:40]} 9. Bd3
{[%clk 1:08:29]} Nd7 {[%clk 1:25:23]} 10. O-O {[%clk 1:04:28]} a6
{[%clk 1:12:33]} 11. f4 {[%clk 1:00:38]} c5 {[%clk 1:06:21]} 12. e5
{[%clk 0:51:41]} Bb7 {[%clk 1:00:12]} 13. exd6 {[%clk 0:43:19]} Qxd6
{[%clk 0:58:34]} 14. Ne4 {[%clk 0:40:04]} Qc7 {[%clk 0:57:56]} 15. Nxc5
{[%clk 0:37:33]} Nxc5 {[%clk 0:57:33]} 16. dxc5 {[%clk 0:37:56]} Bxb2
{[%clk 0:57:13]} 17. Rab1 {[%clk 0:27:19]} Bg7 {[%clk 0:53:28]} 18. a4
{[%clk 0:17:15]} bxa4 {[%clk 0:53:18]} 19. Qb4 {[%clk 0:17:34]} Bc6
{[%clk 0:52:11]} 20. Qb6 {[%clk 0:17:31]} Qc8 {[%clk 0:50:24]} 21. Nf3
{[%clk 0:11:38]} Bxf3 {[%clk 0:41:56]} 22. Rxf3 {[%clk 0:11:23]} Nf6
{[%clk 0:42:19]} 23. Qa5 {[%clk 0:08:20]} O-O {[%clk 0:42:14]} 24. Qxa4 Nd5
{[%clk 0:40:02]} 25. Bd4 {[%clk 0:08:36]} Nc3 {[%clk 0:32:33]} 26. Bxc3
{[%clk 0:09:03]} Qxc5+ {[%clk 0:32:51]} 27. Kh1 {[%clk 0:09:28]} Bxc3
{[%clk 0:33:10]} 28. Bxa6 {[%clk 0:09:39]} Bf6 {[%clk 0:28:39]} 29. Qc4
{[%clk 0:09:41]} Qa5 {[%clk 0:26:46]} 30. Bb7 {[%clk 0:08:48]} Rad8
{[%clk 0:24:51]} 31. Be4 {[%clk 0:08:06]} Rd4 {[%clk 0:23:47]} 32. Qe2
{[%clk 0:08:20]} Qa4 {[%clk 0:23:30]} 33. Re1 {[%clk 0:08:41]} Rfd8
{[%clk 0:22:44]} 34. g3 {[%clk 0:08:00]} Rd2 {[%clk 0:16:59]} 35. Qf1
{[%clk 0:08:24]} R2d4 {[%clk 0:11:54]} 36. Bd3 {[%clk 0:08:41]} Qc6
{[%clk 0:11:53]} 1/2-1/2

[Event "WCO2014"]
[Site "Tromso"]
[Date "2014.08.09"]
[Round "7.14"]
[WhiteID "3100197"]
[White "Almedina Ortiz Edgardo J."]
[BlackID "934054"]
[Black "Klasan Vladimir"]
[Result "0-1"]
[LiveChessVersion "1.4.3"]
[BlackElo "2365"]
[WhiteElo "2277"]

1. e4 {[%clk 1:30:57]} c5 {[%clk 1:30:23]} 2. Nf3 {[%clk 1:31:21]} d6
{[%clk 1:30:20]} 3. d4 {[%clk 1:31:46]} cxd4 {[%clk 1:30:23]} 4. Nxd4
{[%clk 1:32:12]} Nf6 {[%clk 1:30:39]} 5. Nc3 {[%clk 1:32:39]} Nc6
{[%clk 1:30:57]} 6. Bg5 {[%clk 1:33:02]} e6 {[%clk 1:30:58]} 7. Qd2
{[%clk 1:33:27]} a6 {[%clk 1:31:02]} 8. O-O-O {[%clk 1:33:47]} h6
{[%clk 1:31:26]} 9. Nxc6 {[%clk 1:34:06]} bxc6 {[%clk 1:26:54]} 10. Bf4
{[%clk 1:33:29]} d5 {[%clk 1:27:17]} 11. Be2 {[%clk 1:32:09]} Bb4
{[%clk 1:22:14]} 12. Qe3 {[%clk 1:22:16]} O-O {[%clk 1:10:12]} 13. e5
{[%clk 1:10:42]} Nd7 {[%clk 1:06:01]} 14. Rd3 {[%clk 0:55:58]} f6
{[%clk 0:58:45]} 15. Bg4 {[%clk 0:35:57]} Nxe5 {[%clk 0:49:34]} 16. Bxe5
{[%clk 0:36:24]} fxe5 {[%clk 0:49:51]} 17. Qxe5 {[%clk 0:36:49]} Bd6
{[%clk 0:49:46]} 18. Qe2 {[%clk 0:34:05]} Qf6 {[%clk 0:44:09]} 19. Kb1
{[%clk 0:30:21]} e5 {[%clk 0:38:59]} 20. Bxc8 {[%clk 0:25:02]} Rfxc8
{[%clk 0:39:09]} 21. Rhd1 {[%clk 0:24:11]} Bc5 {[%clk 0:35:14]} 22. Rf3
{[%clk 0:20:03]} Qe7 {[%clk 0:35:15]} 23. Na4 {[%clk 0:17:35]} Ba7
{[%clk 0:32:56]} 24. Rb3 {[%clk 0:17:11]} Qc7 {[%clk 0:25:58]} 25. Rg3
{[%clk 0:11:34]} Rf8 {[%clk 0:23:40]} 26. f3 {[%clk 0:11:04]} Rfe8
{[%clk 0:15:20]} 27. Rg4 {[%clk 0:09:19]} Qa5 {[%clk 0:13:47]} 28. Qd2
{[%clk 0:08:26]} Qxd2 {[%clk 0:13:28]} 29. Rxd2 {[%clk 0:08:55]} Kf7
{[%clk 0:11:45]} 30. Nc3 {[%clk 0:08:57]} Bc5 {[%clk 0:09:52]} 31. Ne2
{[%clk 0:08:20]} a5 {[%clk 0:08:16]} 32. Ng3 {[%clk 0:08:22]} g6 {[%clk 0:07:46]}
33. Ra4 {[%clk 0:08:07]} Reb8 {[%clk 0:07:15]} 34. Rd3 {[%clk 0:08:14]} Rb4
{[%clk 0:06:30]} 35. Rxb4 {[%clk 0:08:31]} axb4 {[%clk 0:06:15]} 36. c3
{[%clk 0:08:22]} Rb8 {[%clk 0:05:42]} 37. c4 {[%clk 0:07:48]} Ke6
{[%clk 0:05:20]} 38. cxd5+ {[%clk 0:08:07]} cxd5 {[%clk 0:05:49]} 39. Kc2
{[%clk 0:08:09]} Ra8 {[%clk 0:04:09]} 40. Kb3 {[%clk 0:08:36]} h5
{[%clk 0:04:22]} 41. h3 {[%clk 0:07:33]} h4 {[%clk 0:29:46]} 42. Ne2
{[%clk 0:39:01]} Rf8 {[%clk 0:21:09]} 43. Rd2 {[%clk 0:35:14]} e4
{[%clk 0:19:57]} 44. fxe4 {[%clk 0:32:16]} dxe4 {[%clk 0:20:18]} 45. Rc2
{[%clk 0:26:13]} Kd5 {[%clk 0:16:59]} 46. Rd2+ {[%clk 0:24:34]} Ke6
{[%clk 0:17:28]} 47. Rc2 {[%clk 0:24:55]} Bd6 {[%clk 0:11:20]} 48. Nd4+
{[%clk 0:20:55]} Ke5 {[%clk 0:11:49]} 49. Nc6+ {[%clk 0:20:58]} Kf4
{[%clk 0:11:55]} 50. Nxb4 {[%clk 0:18:07]} Rb8 {[%clk 0:09:50]} 51. a3
{[%clk 0:18:15]} Ke3 {[%clk 0:09:07]} 52. Rc6 {[%clk 0:16:50]} Bg3
{[%clk 0:06:27]} 53. Kc2 {[%clk 0:13:57]} g5 {[%clk 0:04:57]} 54. Rf6
{[%clk 0:10:23]} Rc8+ {[%clk 0:04:38]} 55. Kd1 {[%clk 0:09:33]} Rd8+
{[%clk 0:04:54]} 56. Kc1 {[%clk 0:08:33]} Bf4 {[%clk 0:04:57]} 57. Nc6
{[%clk 0:07:41]} Kf2+ {[%clk 0:02:38]} 58. Kc2 {[%clk 0:05:44]} Rd2+
{[%clk 0:03:01]} 59. Kc3 {[%clk 0:06:08]} e3 {[%clk 0:02:37]} 60. Nd4
{[%clk 0:06:07]} Kxg2 {[%clk 0:02:18]} 61. Rf5 {[%clk 0:05:48]} Rxd4
{[%clk 0:02:07]} 62. Kxd4 {[%clk 0:05:40]} 0-1

[Event "WCO2014"]
[Site "Tromso"]
[Date "2014.08.09"]
[Round "7.15"]
[WhiteID "14201038"]
[White "Anarkulov Alisher"]
[BlackID "3100260"]
[Black "Montalvo Rosario Alejandro"]
[Result "0-1"]
[LiveChessVersion "1.4.3"]
[BlackElo "2296"]
[WhiteElo "2222"]

1. e4 {[%clk 1:30:52]} c6 {[%clk 1:30:29]} 2. d4 {[%clk 1:30:55]} g6
{[%clk 1:29:50]} 3. c4 {[%clk 1:25:24]} d5 {[%clk 1:28:41]} 4. exd5
{[%clk 1:25:30]} cxd5 {[%clk 1:29:02]} 5. Nc3 {[%clk 1:25:57]} Nf6
{[%clk 1:29:07]} 6. Qb3 {[%clk 1:25:52]} Bg7 {[%clk 1:25:28]} 7. cxd5
{[%clk 1:23:39]} O-O {[%clk 1:25:51]} 8. Nf3 {[%clk 1:24:04]} Nbd7
{[%clk 1:24:56]} 9. Bc4 {[%clk 1:22:27]} Nb6 {[%clk 1:24:38]} 10. O-O
{[%clk 1:22:30]} Nxc4 {[%clk 1:20:06]} 11. Qxc4 {[%clk 1:22:52]} b6
{[%clk 1:09:08]} 12. Bg5 {[%clk 1:22:25]} Bb7 {[%clk 1:08:33]} 13. Rfe1
{[%clk 1:19:52]} Nxd5 {[%clk 1:06:03]} 14. Qe2 {[%clk 1:11:09]} Re8
{[%clk 1:02:10]} 15. Rac1 {[%clk 1:10:34]} Rc8 {[%clk 1:00:19]} 16. Bd2
{[%clk 1:04:18]} Nxc3 {[%clk 0:44:31]} 17. bxc3 {[%clk 1:01:35]} e5
{[%clk 0:43:50]} 18. Be3 {[%clk 0:40:42]} exd4 {[%clk 0:34:58]} 19. cxd4
{[%clk 0:36:24]} Qd5 {[%clk 0:32:33]} 20. Qb2 {[%clk 0:18:09]} Qh5
{[%clk 0:29:33]} 21. Rxc8 {[%clk 0:18:16]} Rxc8 {[%clk 0:28:00]} 22. Ne5
{[%clk 0:18:23]} Bd5 {[%clk 0:20:34]} 23. Qb5 {[%clk 0:07:00]} Rd8
{[%clk 0:14:33]} 24. Nc6 {[%clk 0:04:40]} Bxc6 {[%clk 0:05:07]} 25. Qxc6
{[%clk 0:05:03]} Qa5 {[%clk 0:04:41]} 26. Qc4 {[%clk 0:02:09]} 0-1